Normal view
MARC view
Entry Personal Name
001 - CONTROL NUMBER
- control field: 12042
003 - CONTROL NUMBER IDENTIFIER
- control field: BD-DhEWU
005 - DATE AND TIME OF LATEST TRANSACTION
- control field: 20140615202303.0
008 - FIXED-LENGTH DATA ELEMENTS
- fixed length control field: 140615|| aca||aabn | a|a d
040 ## - CATALOGING SOURCE
- Original cataloging agency: BD-DhEWU
- Transcribing agency: BD-DhEWU
100 ## - HEADING--PERSONAL NAME
- Personal name: Barnes, Ralph Mosser,
- Dates associated with a name: 1900-
670 ## - SOURCE DATA FOUND
- Source citation: Work cat.: (BD-DhEWU)339: Barnes, Ralph Mosser, 1900-, Motion and time study :, c1980.